MDQL
is popping MORE tags! Check the
thread
!
Quizzes
Events
Quiz Creation
Community
Videos
Private Events
Remove Ads
Sign In
Join for FREE
Feedback
Dark Mode
Quiz Categories
Sports
Geography
Music
Movies
Television
Just For Fun
Miscellaneous
History
Literature
Language
Science
Gaming
Entertainment
Religion
Holiday
For Kids
Quiz Lab
Recent
Popular Today
Quiz Kudos Today
Editor Picks
Curator Picks
Quizzes by...
Day
Popularity
Type
Ratings
Length
Year
Community
Subscriptions
Recent Discussions
Orange Saloon
Badges
Playlists
Quests
Create
Leaderboards
Showdown
Live 5
Trivia Bingo
Activity
Puzzle Library
Sporcle Events
Private Events
Virtual Trivia
Globe League
Become a Host
Pub Owners
SporcleCon
Opinionation
Our Games
Videos
Blog
Mobile Apps
Partnerships
Remove Ads and Go Orange
Feedback
Music
Pop Music
The Beatles
Song
Album
Lyrics
Bands
Singers
Artist
Clip
Rock
Rap
Classical
Billboard
Country Music
Kpop
Taylor Swift
Music
Pop Music
The Beatles
Song
Album
Lyrics
Bands
Singers
Artist
Clip
Rock
Rap
Classical
Billboard
Country Music
Kpop
Taylor Swift
Random Quiz
Search Sporcle
×
Quiz Lab
Quiz Lab
Music
Lyrics
Type in answers that appear in a list
Type in answers that appear in a list
Classic
Best Score? Go Orange.
Figure Out the Song (One-Hit Wonder) Stats
Can you name the lyrics of this one-hit wonder?
By
ncr1119
10m
183 Questions
3,665 Plays
3,665 Plays
3,665 Plays
Comments
Comments
Give Quiz Kudos
Give Quiz Kudos
-
- Ratings
hide this ad
More Info
Replay
Link that replays current quiz
Next Quiz
Link to next quiz in quiz playlist
You Got
0%
They Got
Avg Score
59%
Avg Friend Score
Upgrade to see
Score Distribution
Jump to the score distribution portion of the page
Score
0/183
Timer
10:00
0
Plays Today
% Correct
(Repeat Verse 1)
99.6%
an
98.1%
and
98.1%
A
98.1%
And
98.1%
the
98.1%
and
98.1%
And
98.1%
and
98.1%
a
98.1%
And
98.1%
and
98.1%
and
98.1%
And
98.1%
the
98.1%
The
98.1%
the
98.1%
I
97.5%
I.
97.5%
I
97.5%
I
97.5%
you
89.8%
you
89.8%
we
82.6%
We
82.6%
we
82.6%
We
82.6%
we
82.6%
we
82.6%
we
82.6%
we
82.6%
We
82.6%
we
82.6%
we
82.6%
we
82.6%
we
82.6%
we
82.6%
We
82.6%
We
82.6%
We
82.6%
We
82.6%
We
82.6%
We
82.6%
We
82.6%
We
82.6%
to.
81.4%
to.
81.4%
to.
81.4%
to
81.4%
to.
81.4%
to
81.4%
can
78.7%
can
78.7%
can
78.7%
can
78.7%
can
78.7%
can
78.7%
can
78.7%
can
78.7%
can
78.7%
can
78.7%
% Correct
can
78.7%
can
78.7%
can
78.7%
can
78.7%
can
78.7%
can
78.7%
can
78.7%
can
75.2%
they're
73.6%
Doin'
73.5%
want
70.8%
want
70.8%
want
70.8%
want
70.8%
go
70%
go
70%
no
69.7%
if
69.5%
if
69.5%
if
69.5%
If
69.5%
it
68.4%
don't
67.8%
don't
67.8%
don't
67.8%
your
67.3%
your
67.3%
your
67.3%
of
67%
of
67%
of
67%
they
66.7%
they
66.7%
is
65.4%
where
64.6%
where
64.6%
where
64.6%
will.
58.2%
so
57.2%
will
54.1%
dance
53.9%
dance
53.9%
dance
53.9%
dance.
53.9%
dance.
53.9%
dance.
53.9%
dance.
53.9%
dance.
53.9%
dance.
53.9%
dance.
53.9%
dance.
53.9%
dance.
53.9%
dance.
53.9%
dance.
53.9%
dance.
53.9%
mine.
52.8%
friends
49.8%
friends
49.8%
friends
49.8%
leave
48.8%
leave
48.8%
% Correct
this
47.6%
'Cause
46.4%
say,
46.1%
Say,
46.1%
am
46%
behind.
45%
behind.
45%
like
42.9%
like
42.9%
well
42.6%
say,
41.7%
one
40.2%
our
40.1%
our
40.1%
place
39.6%
from
39.6%
from
39.6%
at
38.3%
never
37.3%
out
36.7%
out
36.7%
world
32.8%
Safety
32.1%
safety
32.1%
safety
32.1%
come
31.1%
find.
30.8%
takin'
28.7%
Night
27.6%
with
26.2%
look
26.1%
Everybody's
25.2%
Everybody
25.2%
hands.
24.2%
Yes,
22.6%
act
21.7%
act
21.7%
act
21.7%
act
21.7%
young
21.6%
real
21.1%
real
21.1%
real
21.1%
far
20.1%
nobody
18.3%
chance.
17.6%
feet
17.4%
control.
16.5%
Everything's
15.3%
imbecile.
14.9%
cry.
12.6%
hats
12.1%
neat
11.7%
totally
10.5%
dress
9.4%
surprise
8.4%
removed
8.2%
pole
8%
pole.
8%
rude
7.6%
victory
7.2%
Quiz Playlist
Details
Report
Send in Message
Add To Playlist
More Info:
Includes all lyrics up to and including first chorus.
Classic:
Type in answers that appear in a list
Last Updated: Feb 16, 2017
Quiz Scoreboard
CHALLENGE
Sign Up to Join the Scoreboard
Show All
Scores
Hide
Comments
May contain spoilers
Recently Published
Two Season TV Shows II
by 123Four
Television
10m
Image Sorting: Flags VI
by Barbecue
Geography
2m
Find the 'City' Movie
by crazypaving
Movies
60s
More to Explore
Quiz From the Vault
Featured Blog Post
14 Easter Pick-up Lines to Find Eggs With
hide this ad
You Might Also Like...
Tags
Lyrics Quiz
Song Quiz
one-hit
Wonder
Today's Top Quizzes in Music
Browse Music
hide this ad
Today's Top Quizzes in Lyrics
Browse Lyrics
Top Contributed Quizzes in Music
1
5X2 Blitz: Bands II
2
5X2 Blitz: The Beatles
3
Taylor Swift All Songs (2024)
4
5X2 Blitz: Billboard
5
5X2 Blitz: Billboard II
6
Music Artist by Three 2010s hits
7
5X2 Blitz: Album
8
5X2 Blitz: Rock
9
5X2 Blitz: Singers
10
5X2 Blitz: Lyrics
Explore More
Trending Topics
Crossword
Disney
Marvel
Anime
NBA
Harry Potter
Kpop
WWE
Puzzle
Soccer
NFL
The Office
Song
Pokémon
Country
hide this ad
More By:
ncr1119
Quiz
Plays
Rating
Category
Featured
Created
Countries With The Same First 3 Letters
162,414
4.74
Geography
Jun 26, 2010
Pokémon Blitz (Generation I)
106,778
4.34
Gaming
Aug 4, 2010
Hidden Words: Pokemon (Generation I)
12,672
4.55
Gaming
Aug 9, 2010
Franchise with Most Championships by State
5,522
2.83
Sports
Jun 25, 2010
Hidden Words: Sports Teams
3,835
2.82
Sports
Jun 28, 2010
Go to Creator's Profile
Score Distribution
Quiz Creator Spotlight
ncr1119
Follow
Send a Message
Quizzes Created
-
Created Quiz Play Count
-
More By This Creator
Popular Quizzes Today
1
Find the US States - No Outlines Minefield
2
Colored Red Africa Blitz
3
Find the 'City' Movie
4
5x2 Blitz: Bands
5
The Countries of the World
6
Find the Countries of Europe - No Outlines Minefield
7
Find the US States
8
US States
More Music Quizzes
Can You Fill Me In? 1970s Songs XIV
Quiz Lab
Trending Quizzes
Colored Red Europe Blitz I
Colored Red Africa Blitz II
Colored Red Europe Blitz II
Colored Red Africa Blitz III
Even More Two Season TV Shows
Recently Updated
March Madness Men's Triple Doubles
pecheneg
How Do You Spell That?
pecheneg
Godzilla Movies
pecheneg
Grab Bag: 4-10 Letters
pecheneg
2024 March Madness Bracket
pecheneg
Famous TV Couples
Peacemaker
Champions League XIs: Real Madrid
pecheneg
Largest US Cities 1790-2010
pecheneg
Rides in Walt Disney World
pecheneg
Most Oscar Losses (Acting)
pecheneg
Trending Topics
NBA
Harry Potter
Crossword
Disney
Marvel
Anime
Kpop
WWE
NFL
The Office
Song
Pokémon
Country
Puzzle
Soccer
Your Account Isn't Verified!
In order to create a playlist on Sporcle, you need to verify the email address you used during registration. Go to your
Sporcle Settings
to finish the process.
Report this User
Report this user for behavior that violates our
Community Guidelines
.
Details:
Send Report
Go to the Sporcle.com Mobile Site →
Comments